| 000 | 00958nam a2200241 a 4500 | ||
|---|---|---|---|
| 001 | 55807 | ||
| 003 | BD-RjUL | ||
| 005 | 20211209080321.0 | ||
| 008 | 161122s1987 ii ||||| |||| 001 0 ben d | ||
| 020 | _c: Tk. 4.00 | ||
| 035 | _a(BD-RjUL)55931 | ||
| 040 |
_aBD-RjUL _bben _cBD-RjUL |
||
| 041 | _aben | ||
| 082 |
_223 _a891.4409 _bKAS 1887 |
||
| 100 | 1 |
_aকবিরাজ, গোপীনাথ _9146717 |
|
| 245 | 1 | 0 |
_aসাহিত্য-চিন্তা / _cগোপীনাথ কবিরাজ |
| 260 |
_aকলিকাতা : _bইন্ডিয়ান এ্যাসোসিয়েশন্স, _c১৮৮৭ |
||
| 300 |
_a১১৯ পৃ. ; _c২২ সেমি. |
||
| 500 | _aনির্ঘন্ট সংযুক্ত | ||
| 650 |
_aবাংলা সাহিত্য _vইতিহাস ও সমালোচনা _9117445 |
||
| 650 |
_aBengali Literature _vHistory and Criticism _9146718 |
||
| 942 |
_2ddc _cBK |
||
| 999 |
_c55807 _d55807 |
||